00551cam a2200193ua 4500001000500000005001700005008003900022020001500061040000900076041000800085082001300093100002900106245009500135250000900230260003300239300001000272653004900282653002600331836420260515114327.0150129n ii |||gr||||Z||||||asm a8173391084 cMAIN aasm a371.3954 aGoswami, R. K.,eAuthor.1 aSikshadanar paddhati, kausal aru bharatiya sikshar nava parikramacBy Rajani Kanta Goswami a1st. aDibrugarh:bBanalata,c2009. a318p. aSchools & their activities special education aEducational technique